000 00633nam a22001937a 4500
005 20251108172059.0
008 250721s2003 xx 000 0 ara d
082 1 4 _aم/922.1/صلا
100 1 _aالصلابي، علي محمد محمد
_eمؤلف
245 1 0 _aعمر بن الخطاب رضي الله عنه :
_bشخصيته و عصره /
264 1 _aالقاهرة :
_bدار الفجر للتراث،
_c2003.
300 _a712 ص
490 0 _aتاريخ الخلفاء الراشدين ؛ 2
650 1 7 _aالإسلام
650 1 7 _aالتراجم
650 1 7 _aالقادة
942 _2ddc
_cREF
999 _c69966
_d69966